Statistics for Capital Cities that Start with A

Click here to take the quiz!

General Stats

  • This quiz has been taken 257 times
    (179 since last reset)
  • The average score is 13 of 16

Answer Stats

Capital City% Correct
Amsterdam
94%
Algiers
87%
Andorra la Vella
86%
Accra
85%
Ankara
85%
Abuja
84%
Asuncion
84%
Addis Ababa
83%
Amman
83%
Athens
83%
Apia
81%
Astana
81%
Antananarivo
80%
Abu Dhabi
77%
Asmara
72%
Ashgabat
69%

Score Distribution

Percentile by Number Answered

Percent of People with Each Score

Your Score History

You have not taken this quiz since the last reset